| 000 | 00906nam a2200253 4500 | ||
|---|---|---|---|
| 001 | 11816 | ||
| 003 | HDC | ||
| 007 | cr bn ---aaaaa | ||
| 008 | 210208c dr|noo 0 a eng d | ||
| 040 | _aHDC | ||
| 100 |
_aLucia Terey John _eauthor _912191 |
||
| 245 | 0 |
_aJapan Holds Huge Potential For Malaysia's Halal Sector / _cby Lucia Terey John |
|
| 260 |
_a[No place] : _bThe Organization of Asia-Pacific News Agencies _c[no year] |
||
| 336 |
_atext _2rdacontent |
||
| 337 |
_acomputer _2rdamedia |
||
| 338 |
_aonline resource _2rdacarrier |
||
| 650 |
_aHalal Sector _94858 |
||
| 650 |
_aTourism _9880 |
||
| 710 | _aThe Organization of Asia-Pacific News Agencies | ||
| 856 | _zRequest full-text at [email protected] | ||
| 942 | _2lcc | ||
| 942 | _cNEWS | ||
| 942 | _kNWSO 002364 | ||
| 999 |
_c9139 _d9139 |
||